00503nam a2200181Ia 4500003000400000005001700004008004100021020001500062040001800077041000800095082002100103100002500124245007300149250001200222260003800234300002400272650002500296OSt20250201084910.0210716s1982 xx 000 0 und d a0517064622 cAIMIT LIBRARY aeng a813.54 21bCLAM aClark, Mary Higgins. aMary higgins clark:bthree complete novels /cBy Mary Higgins Clark. a1st ed. aNew York :bRandom House ;c1982. a598p. ;bPBc24 cm. aWeep no more my lady